|
|
|
|
| LEADER |
00000nab a2200000 a 4500 |
| 001 |
vtls010736241 |
| 003 |
SK-MaSNL |
| 005 |
20260304190857.0 |
| 008 |
250709s1993 xo |||||||||||||||||slo| |
| 035 |
|
|
|a (urnnbn)urn:nbn:sk:snk:ar-a05ihm
|
| 035 |
|
|
|a (uuid)9ac329b2-7723-4fa9-9001-17e3fdaceb15
|
| 035 |
|
|
|a urn:nbn:sk:snk-ab3xou
|
| 040 |
|
|
|a SNKBUCL
|b slo
|c SNKBUCL
|e AACR2
|
| 041 |
0 |
|
|a eng
|
| 044 |
|
|
|a xo
|c SK
|
| 100 |
1 |
|
|a Braginskaja, O. V.
|4 aut
|9 1522717
|
| 245 |
1 |
0 |
|a Sodium Fluorescein Accumulation in Cultured Cells
|c O. V. Braginskaja, V. V. Lazarev, I. N. Pershina, K. V. Petrov, L. B. Rubin, O. V. Tikhonova
|
| 700 |
1 |
|
|a Lazarev, V. V.
|4 aut
|9 573804
|
| 700 |
1 |
|
|a Pershina, I. N.
|4 aut
|9 1522718
|
| 700 |
1 |
|
|a Petrov, K. V.
|4 aut
|9 499285
|
| 700 |
1 |
|
|a Rubin, L. B.
|4 aut
|9 1522719
|
| 700 |
1 |
|
|a Tikhonova, O. V.
|4 aut
|9 1522720
|
| 773 |
0 |
|
|t General physiology and biophysics : an international journal
|g Roč. 12, č. 5 (1993), s. 453-464
|
| 850 |
|
|
|a Slovenská národná knižnica
|
| 852 |
|
|
|a Slovenská národná knižnica
|
| 958 |
|
|
|a article1
|
| 958 |
|
|
|a OND
|
| 958 |
|
|
|a EUIPO
|
| 999 |
|
|
|c 3051688
|d 3053618
|